| 000 | 01421nam a22003617a 4500 | ||
|---|---|---|---|
| 003 | CHAP | ||
| 005 | 20220329134331.0 | ||
| 008 | 971013s1983 r 00010 d | ||
| 010 | _a18923 | ||
| 011 | _a19895 | ||
| 035 | _a23980 | ||
| 040 | _cCHAP | ||
| 082 | 0 | 4 |
_a530 _bA58Y 1981 |
| 100 | 0 | 0 |
_aAlvares, Beatriz Alvarenga. _94857 |
| 245 | 1 | 0 |
_aFísica general _b: con experimentos sencillos |
| 260 |
_aMéxico, D.F., : _bHarla, _cc1983 |
||
| 300 |
_a976 p. _b: ilus. ; gráfs |
||
| 500 | _aTrad. de la 3 ed. en portugués de 1981 | ||
| 590 |
_aBATCH-UPD _b10 _c20130110 _lUCH01 _h1405 |
||
| 590 |
_aBATCH-UPD _b10 _c20130410 _lUCH01 _h0854 |
||
| 590 |
_aBATCH-UPD _b10 _c20130914 _lUCH01 _h1421 |
||
| 590 |
_aCONVERSION _b10 _c20130109 _lUCH01 _h1311 |
||
| 650 | 1 | 4 |
_aFísica. _941975 |
| 650 | 1 | 4 |
_aFísica _xEstudio y enseñanza. _941980 |
| 700 | 0 |
_aAntonio Maximo Ribeiro da Luz. _96099 |
|
| 901 | _aBK | ||
| 942 | _cLIBRO | ||
| 949 |
_a530 A58Y 1981 _bBC _cLIBRO _d-55504 _eLIBRO _fc.3 _gI.125199 _h77320 _i23980 _si _t33.90 |
||
| 949 |
_a530 A58Y 1981 _bBC _cLIBRO _d33724000821021 _eLIBRO _fc.5 _gI.c/e _h78252 _i23980 _si _t33.90 |
||
| 949 |
_a530 A58Y 1981 _bBC _cLIBRO _d33724000909123 _eLIBRO _gI.125197 _h64067 _i23980 _si _t479.00 |
||
| 949 |
_a530 A58Y 1981 _bBC _cLIBRO _d33724000909305 _eLIBRO _fc.2 _gI.125198 _h64068 _i23980 _si _t479.00 |
||
| 949 |
_a530 A58Y 1981 _bBC _cLIBRO _d33724000940870 _eLIBRO _fc.4 _gI.c/e _h77321 _i23980 _so _t479.00 |
||
| 999 |
_c18923 _d18923 |
||